Library Logo

Pioneer International University Library Catalogue

TELL THEM WE REMEMBER (Record no. 9757)

MARC details
000 -LEADER
fixed length control field 00455nam a22001577a 4500
003 - CONTROL NUMBER IDENTIFIER
control field OSt
005 - DATE AND TIME OF LATEST TRANSACTION
control field 20251111090831.0
008 - FIXED-LENGTH DATA ELEMENTS--GENERAL INFORMATION
fixed length control field 251111b |||||||| |||| 00| 0 eng d
020 ## - INTERNATIONAL STANDARD BOOK NUMBER
International Standard Book Number 0316692646
040 ## - CATALOGING SOURCE
Transcribing agency LITTLE, BROWN AND COMPANY
050 ## - LIBRARY OF CONGRESS CALL NUMBER
Classification number D 804.53 .B33 1994
245 ## - TITLE STATEMENT
Title TELL THEM WE REMEMBER
Remainder of title THE STORY OF THE HOLOCAUST
Statement of responsibility, etc. BACHRACH, SUSAN D.
250 ## - EDITION STATEMENT
Edition statement IST EDITION
260 ## - PUBLICATION, DISTRIBUTION, ETC.
Place of publication, distribution, etc. NEW YORK
Name of publisher, distributor, etc. LITTLE, BROWN AND COMPANY
Date of publication, distribution, etc. 1994
942 ## - ADDED ENTRY ELEMENTS (KOHA)
Source of classification or shelving scheme Dewey Decimal Classification
Koha item type Books
Suppress in OPAC No
Holdings
Withdrawn status Lost status Source of classification or shelving scheme Damaged status Not for loan Home library Current library Date acquired Total checkouts Barcode Date last seen Price effective from Koha item type
    Library of Congress Classification     PIU Library PIU Library 11/11/2025   PIUDL784 11/11/2025 11/11/2025 Books